01331nam2a22002171 4500001001100000005001700011035002600028100004100054101000800095102000700103105001800110200006900128210001800197215001500215333007200230461072300302702002801025801001801053801002201071852002001093rc\473174620250612013923.0 a(NLR Aleph) 008447941 a20130416d1968 |||y0rusy50 ca0 arus aRU ay z |||||1 aВитебская областьf[Сост. Г.Ф. Кулеш] d1968aБ. м. aX, 424 с. aДля служебного пользования. Экз. № 196 01001rc\473174112001#$aПочвы БССР$eПлощади почв по типам, мех. составу, степени заболоченности, кислотности, обеспеченности фосфором и калием$f[Под ред. С.П. Иванова] [и др.] [1]-$gМ-во сел. хоз-ва БССР. Белорус. науч.-исслед. ин-т почвоведения$v[5]cМинскd1968-f[Под ред. С.П. Иванова] [и др.] [1]-nБ. и.oПлощади почв по типам, мех. составу, степени заболоченности, кислотности, обеспеченности фосфором и калиемtПочвы БССРv[5] 1aКулешbГ.Ф.4220 0aRUbNLRgpsbo 1aRUbELAR2rusmarc aNLRj50К/17304